| 000 | 00451 a2200157 4500 | ||
|---|---|---|---|
| 005 | 20250221110339.0 | ||
| 008 | 240718b |||||||| |||| 00| 0 eng d | ||
| 020 | _a9781859469491 | ||
| 082 | _a720.22/HIN | ||
| 100 |
_aHind C _9207922 |
||
| 245 | _aArchitecture Drawing Book | ||
| 260 |
_bRiba Publishing _c2023 _aLondon |
||
| 300 |
_a240p _bHB |
||
| 500 | _aA brief History of Riba Collection Concepts Sketches Buildings in context | ||
| 942 | _cRF | ||
| 999 |
_c359120 _d359120 |
||